00634nam a2200205Ia 450000500170000000800410001702000180005804000180007604100080009408200210010210000190012324500840014225000120022626000550023830000280029365000230032165100340034465100220037865100280040020230921143627.0210716s2015 xx 000 0 und d a9788120351127 cAIMIT LIBRARY aeng a374.22 21bAWAE aAwad, Elias M. aStupidity of intelligence : bwhat happened to common sense /cBy Elias M Awad. a1st ed. aNew Delhi :bPHI Learning private limited ,c2015. axi,194p. ;bPBc23.5 cm aGeneral Management aThe dark side of intelligence aNothing in excess aFutility in the unknown